History Quiz

Random History or Country Quiz
Score 0/24 Timer 05:00
1 Play Today
Rank Country % Correct
1.North Korea
87.3%
22.Russia
80.7%
10.South Korea
79.1%
3.Israel
78.2%
20.Syria
62.3%
18.Saudi Arabia
58.7%
11.Jordan
50.9%
16.Lebanon
46.3%
8.Oman
44.2%
14.United Arab Emirates
43.9%
7.Greece
37.4%
17.Taiwan
37.2%
Rank Country % Correct
9.Singapore
32.4%
22.Myanmar
31.5%
19.Cambodia
28.8%
6.Armenia
26.3%
15.Cyprus
21.7%
13.Sri Lanka
21.5%
2.Eritrea
21%
5South Sudan
18.4%
4.Brunei
17.8%
11.Djibouti
15.2%
24.Turkmenistan
13.8%
20.Uruguay
9.3%
Come Together.
Have Fun.
All Virtual.
We all need to come together. Play Sporcle's virtual live trivia to have fun, connect with people, and get your trivia on. Join a live hosted trivia game for your favorite pub trivia experience done virtually. If a virtual private party is more your thing, go here for details.

You're not logged in!

Compare scores with friends on all Sporcle quizzes.
OR
Log In

Sporcle TV

Today on Sporcle TV


Watch our educational content, quiz creation guides, and fun videos on Sporcle TV.

Show Comments

Extras

Top Quizzes Today


Score Distribution

Paid Content

Your Account Isn't Verified!

In order to create a playlist on Sporcle, you need to verify the email address you used during registration. Go to your Sporcle Settings to finish the process.

Report this User

Report this user for behavior that violates our Community Guidelines.

Details: